00302 a2200097 4500001001000000005001700010008004100027245004800068100002300116773006500139ART_1101220260410161849.0260409a 10aCrecimiento y coyuntura en América Latina1 aVillanueva, Javier0 tEconómicag- Año XXXIII, Nº 1 (ene./jun. 1987)wREV7541